How to teach english / (Record no. 10058)

MARC details
000 -LEADER
fixed length control field 00630 a2200193 4500
010 ## - LIBRARY OF CONGRESS CONTROL NUMBER
LC control number ENG-89116
020 ## - INTERNATIONAL STANDARD BOOK NUMBER
International Standard Book Number 8189681109
Terms of availability 300.00
035 ## - SYSTEM CONTROL NUMBER
System control number EN-72649
037 ## - SOURCE OF ACQUISITION
Source of stock number/acquisition DBAD / PUB
082 14 - DEWEY DECIMAL CLASSIFICATION NUMBER
Classification number 372.6521044
090 ## - LOCALLY ASSIGNED LC-TYPE CALL NUMBER (OCLC); LOCAL CALL NUMBER (OCLC)
-- 10314
-- 10314
100 1# - MAIN ENTRY--PERSONAL NAME
Personal name Paliwal, Anil Kumar
245 1# - TITLE STATEMENT
Title How to teach english /
Statement of responsibility, etc by Anil Kumar Paliwal
260 ## - PUBLICATION, DISTRIBUTION, ETC. (IMPRINT)
Place of publication, distribution, etc Jaipur
Name of publisher, distributor, etc Kalpana Publications
Date of publication, distribution, etc 2007
270 ## - ADDRESS
Address Above Shop No. 157, Chandpole Bazar,
City Jaipur - 1
300 ## - PHYSICAL DESCRIPTION
Extent 250p.
Dimensions 22cm (Hb )
942 ## - ADDED ENTRY ELEMENTS (KOHA)
Institution code [OBSOLETE] dpl
Koha item type English Books
Call number prefix 372.6521044 / PAL
Holdings
Withdrawn status Lost status Source of classification or shelving scheme Damaged status Not for loan Collection code Home library Current library Source of acquisition Cost, normal purchase price Total Checkouts Full call number Barcode Date last seen Copy number Uniform Resource Identifier Cost, replacement price Price effective from Koha item type
    Dewey Decimal Classification   Not For Loan Non-fiction D.B.Act.Division D.B.Act.Division DBAD/PUB 300.00   372.6521044 PAL EN-72649 15/09/2008 1 11080 300.00 15/09/2008 English Books

© Delhi Public Library
Hit Counter
free hit counter